BUBT Library Online Catalog

Bioconversion of waste materials to industrial produce. (Record no. 869)

000 -LEADER
fixed length control field 00732nam a22002537a 4500
008 - FIXED-LENGTH DATA ELEMENTS--GENERAL INFORMATION
fixed length control field 131123b xxu||||| |||| 00| 0 eng d
020 ## - INTERNATIONAL STANDARD BOOK NUMBER
International Standard Book Number 0-7514-0423-3
024 ## - OTHER STANDARD IDENTIFIER
Terms of availability Available
037 ## - SOURCE OF ACQUISITION
Terms of availability Available
040 ## - CATALOGING SOURCE
Original cataloging agency MBSTU LIBRARY
Modifying agency MBSTU LIBRARY
082 ## - DEWEY DECIMAL CLASSIFICATION NUMBER
Edition number 22
Classification number 660.282 BIO
110 ## - MAIN ENTRY--CORPORATE NAME
Corporate name or jurisdiction name as entry element A.M. Martin.
245 ## - TITLE STATEMENT
Title Bioconversion of waste materials to industrial produce.
250 ## - EDITION STATEMENT
Edition statement 2nd
260 ## - PUBLICATION, DISTRIBUTION, ETC. (IMPRINT)
Place of publication, distribution, etc. London
Name of publisher, distributor, etc. Blackie Academy.
Date of publication, distribution, etc. 1998
300 ## - PHYSICAL DESCRIPTION
Extent 24 cm.
Other physical details 556 page
Type of unit 1
Size of unit 24 cm.
600 ## - SUBJECT ADDED ENTRY--PERSONAL NAME
Source of heading or term Materials.
650 ## - SUBJECT ADDED ENTRY--TOPICAL TERM
Source of heading or term Materials.
710 ## - ADDED ENTRY--CORPORATE NAME
Corporate name or jurisdiction name as entry element A.M. Martin.
270 ## - ADDRESS
Address London
City London
Country UK
365 ## - TRADE PRICE
Price amount 16318.00
Unit of pricing 16318.00
942 ## - ADDED ENTRY ELEMENTS (KOHA)
Source of classification or shelving scheme
Koha item type Books

No items available.

More Information About Library

Library Hours

  • Open: 9.00 am. to 9.00 pm.
  • Only Sunday: 9.00 am. to 6.00 pm.
  • Closed: Holiday

Contact to the University

Bangladesh University of Business and Technology Library

  • Mirpurl-2, 1216.
  • Phone:
  • Fax:
  • E-Mail: admin.library@bubt.edu.bd

Contact to the Library

Contact Person:

Md. Abdul Hakim Shah
Joint Librarian
PABX No:  113
Cell No: 01816332931
E-mail: official: admin.library@bubt.edu.bd
Personal: hakim.shah@bubt.edu.bd


BUBT Library

Copyright © 2021